[Event "SK Münster 3 - SK Dülmen 1"]
[Site "Regionalliga 2015/2016"]
[Date "2016.04.09"]
[Round "8.1"]
[White "Wewers, Reinhard"]
[Black "Wieder, Heiner"]
[Result "0-1"]
[WhiteElo "2011"]
[BlackElo "2080"]
[PlyCount "84"]
[EventDate "2016.??.??"]
[SourceDate "2015.09.11"]

1. Nf3 f5 2. g3 Nf6 3. Bg2 d6 4. d4 g6 5. c4 Bg7 6. O-O O-O 7. Nc3 Nc6 8. d5
Na5 9. Qa4 c5 10. dxc6 bxc6 11. Rd1 c5 12. Bg5 Bd7 13. Qc2 Nxc4 14. Bxf6 Bxf6
15. Nd5 Nb6 16. Nxf6+ Rxf6 17. Ng5 Rb8 18. a4 h6 19. Nf3 e5 20. a5 Nc8 21. Nd2
Qf8 22. Bd5+ Kg7 23. f4 e4 24. Nc4 Ne7 25. Qc3 Kh7 26. Ne3 g5 27. fxg5 hxg5 28.
Rf1 Rb4 29. Bc4 Bc6 30. Rad1 f4 31. Bd5 Bb5 32. Nc2 Nxd5 33. Rxd5 f3 34. Rxg5
Bxe2 35. Nxb4 cxb4 36. Qe3 Bd3 37. Kf2 Qf7 38. Rc1 d5 39. Rg4 Rh6 40. h4 Re6
41. Rf4 Qg7 42. Ke1 Qxg3+ 0-1

[Event "SK Münster 3 - SK Dülmen 1"]
[Site "Regionalliga 2015/2016"]
[Date "2016.04.09"]
[Round "8.2"]
[White "Quante, Lennart"]
[Black "Mohnke, Martin"]
[Result "1-0"]
[WhiteElo "1954"]
[BlackElo "1970"]
[PlyCount "67"]
[EventDate "2016.??.??"]
[SourceDate "2015.09.11"]

1. d4 Nf6 2. c4 g6 3. Nc3 Bg7 4. e4 d6 5. Nf3 O-O 6. Be2 Bg4 7. Be3 Nfd7 8. Ng1
Bxe2 9. Ngxe2 e5 10. O-O a5 11. Qd2 exd4 12. Nxd4 Ne5 13. b3 Re8 14. f3 Nbc6
15. Ndb5 Nb4 16. Rfd1 b6 17. Nd5 Nxd5 18. cxd5 Nd7 19. Rab1 Nc5 20. a3 Qd7 21.
Nd4 Bf6 22. b4 Nb7 23. Rdc1 axb4 24. axb4 Ra4 25. Qc2 Rc8 26. Qc6 Qxc6 27. Rxc6
Ra3 28. Bf2 Nd8 29. Rc2 Kf8 30. Nb5 Raa8 31. Be3 Ke8 32. Rbc1 Ra1 33. Rxa1 Bxa1
34. Nxd6+ 1-0

[Event "SK Münster 3 - SK Dülmen 1"]
[Site "Regionalliga 2015/2016"]
[Date "2016.04.09"]
[Round "8.3"]
[White "Grund, Wolfgang"]
[Black "Van Ackeren, Franz"]
[Result "0-1"]
[WhiteElo "1854"]
[BlackElo "1995"]
[PlyCount "88"]
[EventDate "2016.??.??"]
[SourceDate "2015.09.11"]

1. e4 g6 2. d4 Bg7 3. c3 Nf6 4. e5 Nd5 5. c4 Nb6 6. c5 Nd5 7. Bc4 e6 8. Bxd5
exd5 9. Ne2 b6 10. cxb6 axb6 11. O-O O-O 12. Nbc3 c6 13. Bf4 Na6 14. Qd2 Nc7
15. Bg5 f6 16. Bh6 Ne6 17. Bxg7 Kxg7 18. Nf4 fxe5 19. Nxe6+ dxe6 20. dxe5 Ba6
21. Rfe1 Qh4 22. g3 Qg4 23. f4 c5 24. Qg2 g5 25. h3 Qf5 26. fxg5 Qxg5 27. Ne2
Bxe2 28. Rxe2 Rf5 29. h4 Qg4 30. a3 Raf8 31. Rae1 Qd4+ 32. Kh1 Rf2 33. Qg1 R8f3
34. Rd1 Rxe2 35. Rxd4 cxd4 36. Qc1 h6 37. Kg1 d3 38. h5 Rc2 39. Qd1 Rcf2 40.
Qa4 d2 41. Qc2 Rf1+ 42. Kg2 R3f2+ 43. Kh3 Rh1+ 44. Kg4 d1=Q+ 0-1

[Event "SK Münster 3 - SK Dülmen 1"]
[Site "Regionalliga 2015/2016"]
[Date "2016.04.09"]
[Round "8.4"]
[White "Wingenfeld, Klaus"]
[Black "Rebber, Christian"]
[Result "1/2-1/2"]
[WhiteElo "1928"]
[BlackElo "1848"]
[PlyCount "63"]
[EventDate "2016.??.??"]
[SourceDate "2015.09.11"]

1. e4 c6 2. d4 d5 3. Nc3 dxe4 4. Nxe4 Bf5 5. Ng3 Bg6 6. h4 h6 7. Nf3 e6 8. Ne5
Bh7 9. Be3 Nf6 10. Bd3 Bxd3 11. Qxd3 Nbd7 12. Qb3 Qb6 13. Nxd7 Nxd7 14. Ne4
Qxb3 15. axb3 Be7 16. Ke2 f5 17. Nd2 O-O 18. f4 Nb6 19. g3 Nd5 20. Nf3 Bf6 21.
Rhd1 a6 22. Bf2 Rad8 23. Ne5 Rfe8 24. c3 Be7 25. Rd3 Nf6 26. Rad1 Ne4 27. Kf3
g5 28. hxg5 hxg5 29. Rh1 Kg7 30. Rdd1 Rh8 31. Be3 Bf6 32. fxg5 1/2-1/2

[Event "SK Münster 3 - SK Dülmen 1"]
[Site "Regionalliga 2015/2016"]
[Date "2016.04.09"]
[Round "8.5"]
[White "Lödding, Detlef"]
[Black "Baumann, Stephan"]
[Result "1/2-1/2"]
[WhiteElo "1874"]
[BlackElo "2035"]
[PlyCount "95"]
[EventDate "2016.??.??"]
[SourceDate "2015.09.11"]

1. c4 e5 2. g3 Nc6 3. Bg2 f5 4. Nc3 Nf6 5. a3 Be7 6. b4 O-O 7. b5 Nd4 8. e3 Ne6
9. d4 e4 10. Nge2 d5 11. cxd5 Nxd5 12. Qb3 Nxc3 13. Nxc3 Qe8 14. Nd5 Bd6 15.
Bd2 c6 16. Nc3 Kh8 17. f3 exf3 18. Bxf3 Nxd4 19. Qd1 Nxf3+ 20. Qxf3 cxb5 21.
Qd5 Qc6 22. O-O Qxd5 23. Nxd5 Be6 24. Nf4 Bc4 25. Rfc1 Bc5 26. Ne6 Bxe3+ 27.
Bxe3 Bxe6 28. Rc7 Rf7 29. Rac1 Kg8 30. Rxf7 Bxf7 31. Rc5 g6 32. Rxb5 b6 33. Re5
Rd8 34. Re7 Rd3 35. Bh6 Rxa3 36. Rc7 Ra1+ 37. Kf2 Ra2+ 38. Ke3 Ra3+ 39. Kf4
Ra4+ 40. Kg5 Re4 41. Rxa7 Re6 42. Rb7 Be8 43. Rg7+ Kh8 44. Rb7 b5 45. Bg7+ Kg8
46. Bc3 Rc6 47. Be5 Re6 48. Bc3 1/2-1/2

[Event "SK Münster 3 - SK Dülmen 1"]
[Site "Regionalliga 2015/2016"]
[Date "2016.04.09"]
[Round "8.6"]
[White "Ollech, Dirk"]
[Black "Liebing, Ingo"]
[Result "1/2-1/2"]
[WhiteElo "1925"]
[BlackElo "1763"]
[PlyCount "49"]
[EventDate "2016.??.??"]
[SourceDate "2015.09.11"]

1. d4 d6 2. c4 e5 3. e3 Be7 4. Nc3 f5 5. g3 Nf6 6. Bg2 c6 7. Nge2 O-O 8. O-O
Na6 9. b3 Qc7 10. Ba3 Rd8 11. Qd2 Be6 12. Rac1 Rac8 13. Rfd1 Bf7 14. e4 fxe4
15. Nxe4 Nxe4 16. Bxe4 d5 17. Bxe7 Qxe7 18. Bf5 Rb8 19. dxe5 Qxe5 20. Bb1 Qf6
21. c5 Bg6 22. Bxg6 Qxg6 23. Nd4 Re8 24. b4 Nc7 25. Re1 1/2-1/2

[Event "SK Münster 3 - SK Dülmen 1"]
[Site "Regionalliga 2015/2016"]
[Date "2016.04.09"]
[Round "8.7"]
[White "Kötting, Hans-Erich"]
[Black "Meyer, Ulrich"]
[Result "0-1"]
[WhiteElo "1865"]
[BlackElo "1892"]
[PlyCount "80"]
[EventDate "2016.??.??"]
[SourceDate "2015.09.11"]

1. Nf3 d5 2. d4 Bf5 3. Bf4 e6 4. e3 Nf6 5. Nbd2 Nbd7 6. Ne5 Nxe5 7. dxe5 Nd7 8.
Nf3 h6 9. h4 c6 10. Nd4 Bh7 11. c3 Qb6 12. Qb3 Nc5 13. Qxb6 axb6 14. a3 Na4 15.
O-O-O Be7 16. Nc2 Nc5 17. f3 O-O 18. Nd4 Ra4 19. b4 Nd7 20. Kb2 b5 21. g4 Nb6
22. Be2 Ra7 23. Ra1 Rfa8 24. g5 h5 25. Rhc1 Na4+ 26. Kb3 Nb6 27. Bg3 Nc4 28.
Bxc4 bxc4+ 29. Kb2 Ra6 30. Bf2 c5 31. Nb5 Rb6 32. a4 cxb4 33. e4 bxc3+ 34. Kxc3
Rc6 35. Rd1 dxe4 36. Rd7 Bd8 37. Nd6 Ba5+ 38. Kb2 c3+ 39. Kc1 exf3 40. Nxb7 Bb6
0-1

[Event "SK Münster 3 - SK Dülmen 1"]
[Site "Regionalliga 2015/2016"]
[Date "2016.04.09"]
[Round "8.8"]
[White "Freise, Eckhard"]
[Black "Jarre, Nikolai"]
[Result "0-1"]
[WhiteElo "1809"]
[BlackElo "1698"]
[PlyCount "122"]
[EventDate "2016.??.??"]
[SourceDate "2015.09.11"]

1. d4 Nf6 2. c4 e5 3. dxe5 Ng4 4. Nf3 Bc5 5. e3 Nc6 6. Be2 Ngxe5 7. Nxe5 Nxe5
8. O-O O-O 9. Nc3 Re8 10. a3 a5 11. f4 Nc6 12. Kh1 Bxe3 13. Bxe3 Rxe3 14. Nd5
Re6 15. f5 Rh6 16. f6 d6 17. Qd2 Be6 18. Rf4 Bxd5 19. cxd5 Ne5 20. fxg7 Qg5 21.
Qd4 Rf6 22. Raf1 Rxf4 23. Rxf4 Re8 24. Rf1 Qxg7 25. Qa4 Re7 26. Qxa5 Ng6 27.
Qd2 Qe5 28. Bf3 Qe3 29. Qxe3 Rxe3 30. Kg1 Ne5 31. Rc1 Nd3 32. Rb1 Kg7 33. Kf1
Kf6 34. Be2 Nf4 35. Bc4 Ke5 36. Kf2 Re4 37. b3 Nxd5 38. Rd1 Ne3 39. Rc1 Nxc4
40. bxc4 Kd4 41. Rb1 b6 42. Rb5 Re5 43. Rb3 Rf5+ 44. Ke2 Kxc4 45. Rh3 h5 46.
Ke3 d5 47. Rh4+ Kb5 48. g4 hxg4 49. Rxg4 c5 50. a4+ Ka5 51. h4 c4 52. Kd4 Kxa4
53. Kc3 b5 54. Rg5 b4+ 55. Kb2 Rf2+ 56. Kb1 Kb3 57. Rg3+ c3 58. Rg1 d4 59. h5
d3 60. h6 c2+ 61. Ka1 Rd2 0-1

[Event "SK Münster 2 - SC Gronau 1"]
[Site "Regionalliga 2015/2016"]
[Date "2016.04.09"]
[Round "8.1"]
[White "Monsma, Menno"]
[Black "Rehfeldt, Frank"]
[Result "1/2-1/2"]
[WhiteElo "2083"]
[BlackElo "2144"]
[PlyCount "78"]
[EventDate "2016.??.??"]
[SourceDate "2015.09.11"]

1. d4 d5 2. c4 c6 3. Nf3 Nf6 4. Nc3 a6 5. Bf4 dxc4 6. e4 b5 7. Qc2 e6 8. Be2
Be7 9. O-O O-O 10. Rad1 Bb7 11. Ne5 Nbd7 12. Rd2 Bb4 13. Bf3 Nxe5 14. Bxe5 Qe7
15. a3 Ba5 16. Rfd1 Rad8 17. Bf4 h6 18. Bg3 Nh7 19. h4 Bc7 20. e5 Ba5 21. Re2
Bxc3 22. Qxc3 Rd7 23. Red2 Rfd8 24. Be4 Nf8 25. Qf3 Rc7 26. Qg4 c5 27. Bb1 cxd4
28. Rxd4 Rxd4 29. Rxd4 Rd7 30. Qd1 Rxd4 31. Qxd4 Qd7 32. Qxd7 Nxd7 33. f3 Nb6
34. Bf2 Nd5 35. Be4 f6 36. Bxd5 Bxd5 37. Bd4 Kf7 38. Kf2 Kg6 39. Ke3 Kf7
1/2-1/2

[Event "SK Münster 2 - SC Gronau 1"]
[Site "Regionalliga 2015/2016"]
[Date "2016.04.09"]
[Round "8.2"]
[White "Holtel, Jasper"]
[Black "Langendijk, Andre"]
[Result "1-0"]
[WhiteElo "2185"]
[BlackElo "1966"]
[PlyCount "47"]
[EventDate "2016.??.??"]
[SourceDate "2015.09.11"]

1. e4 c5 2. Nf3 e6 3. d4 cxd4 4. Nxd4 Nf6 5. Nc3 Bb4 6. e5 Nd5 7. Bd2 Nxc3 8.
bxc3 Be7 9. Qg4 O-O 10. Bh6 g6 11. Bxf8 Bxf8 12. Bd3 Qa5 13. O-O Qxe5 14. f4
Qc5 15. Kh1 d6 16. f5 exf5 17. Bxf5 Nc6 18. Bxc8 Ne5 19. Qe4 Qxc8 20. Qd5 Qxc3
21. Qxb7 Rc8 22. Rad1 Rc7 23. Qb8 Rd7 24. Ne6 1-0

[Event "SK Münster 2 - SC Gronau 1"]
[Site "Regionalliga 2015/2016"]
[Date "2016.04.09"]
[Round "8.3"]
[White "Lütkehermölle, Martin"]
[Black "Müschenich, Stefan"]
[Result "1/2-1/2"]
[WhiteElo "1938"]
[BlackElo "2082"]
[PlyCount "27"]
[EventDate "2016.??.??"]
[SourceDate "2015.09.11"]

1. e4 Nf6 2. e5 Nd5 3. d4 d6 4. c4 Nb6 5. exd6 exd6 6. Nf3 Bg4 7. h3 Bh5 8. Nc3
Nc6 9. Be2 Be7 10. O-O O-O 11. b3 Re8 12. Be3 Bf6 13. Rc1 h6 14. Re1 1/2-1/2

[Event "SK Münster 2 - SC Gronau 1"]
[Site "Regionalliga 2015/2016"]
[Date "2016.04.09"]
[Round "8.4"]
[White "Virnyi, Julius"]
[Black "Reinhold, Klaus"]
[Result "1-0"]
[WhiteElo "2087"]
[BlackElo "1900"]
[PlyCount "47"]
[EventDate "2016.??.??"]
[SourceDate "2015.09.11"]

1. d4 d5 2. c4 c6 3. Nc3 Nf6 4. Nf3 Bf5 5. cxd5 Nxd5 6. Qb3 Qb6 7. Nxd5 cxd5 8.
Qxd5 e6 9. Qb3 Bb4+ 10. Bd2 Nc6 11. e3 a5 12. Be2 a4 13. Qd1 O-O 14. O-O h6 15.
Bxb4 Qxb4 16. Qd2 a3 17. b3 Bg4 18. Qd1 Rfd8 19. Rc1 Qd6 20. Rc4 e5 21. d5 Qxd5
22. Qxd5 Rxd5 23. Rxg4 f5 24. Bc4 1-0

[Event "SK Münster 2 - SC Gronau 1"]
[Site "Regionalliga 2015/2016"]
[Date "2016.04.09"]
[Round "8.5"]
[White "Rothkegel, Jürgen"]
[Black "Borrink, Jörn"]
[Result "1/2-1/2"]
[WhiteElo "1866"]
[BlackElo "2087"]
[PlyCount "25"]
[EventDate "2016.??.??"]
[SourceDate "2015.09.11"]

1. e4 e6 2. d4 d5 3. Nc3 Bb4 4. e5 c5 5. a3 cxd4 6. axb4 dxc3 7. Qg4 g6 8. bxc3
Qc7 9. Qg3 Ne7 10. f4 Nd7 11. Bb5 g5 12. Ne2 gxf4 13. Bxf4 1/2-1/2

[Event "SK Münster 2 - SC Gronau 1"]
[Site "Regionalliga 2015/2016"]
[Date "2016.04.09"]
[Round "8.6"]
[White "Kubo, Thomas"]
[Black "Reckzügel, Philipp"]
[Result "1-0"]
[WhiteElo "2031"]
[BlackElo "1890"]
[PlyCount "59"]
[EventDate "2016.??.??"]
[SourceDate "2015.09.11"]

1. Nf3 Nf6 2. g3 d5 3. Bg2 e6 4. O-O Bd6 5. d4 O-O 6. c4 b6 7. Qc2 Qe7 8. Bf4
Bxf4 9. gxf4 Bb7 10. Nbd2 Nbd7 11. e3 c5 12. cxd5 Nxd5 13. Rac1 Nb4 14. Qb1
cxd4 15. Nxd4 Bxg2 16. Kxg2 Nf6 17. a3 Nbd5 18. N2f3 Rac8 19. Rc2 Rxc2 20. Qxc2
Qb7 21. Rc1 Ng4 22. Qc6 Qxc6 23. Rxc6 h5 24. h3 Ngf6 25. Ne5 Rd8 26. Kf3 g6 27.
Nb5 a6 28. Nd6 Nd7 29. Ndxf7 Nxe5+ 30. Nxe5 1-0

[Event "SK Münster 2 - SC Gronau 1"]
[Site "Regionalliga 2015/2016"]
[Date "2016.04.09"]
[Round "8.7"]
[White "Sprenger, Franz"]
[Black "Kaufhold, Thomas"]
[Result "0-1"]
[WhiteElo "1669"]
[BlackElo "2014"]
[PlyCount "76"]
[EventDate "2016.??.??"]
[SourceDate "2015.09.11"]

1. e4 Nf6 2. Nc3 e6 3. d4 d5 4. exd5 exd5 5. Nf3 Bg4 6. Be2 c6 7. O-O Bd6 8.
Bg5 O-O 9. Ne5 Bxe2 10. Nxe2 Re8 11. f4 Be7 12. Ng3 Ne4 13. Bxe7 Qxe7 14. Nf5
Qc7 15. Qg4 f6 16. Nf7 g6 17. N5h6+ Kg7 18. f5 Qd7 19. h4 Re7 20. Rae1 Rxf7 21.
Nxf7 Qxf7 22. h5 g5 23. Rf4 Na6 24. c4 Re8 25. cxd5 cxd5 26. Rc1 Nb4 27. Rf3
Nc6 28. a3 Qd7 29. h6+ Kf8 30. Rd1 Nd6 31. Qh3 Re4 32. g4 Nxd4 33. Rfd3 Ne2+
34. Kh2 Nf4 35. Rxd5 Nxh3 36. Rxd6 Qc7 37. Kxh3 Re3+ 38. Kg2 Qc2+ 0-1

[Event "SK Münster 2 - SC Gronau 1"]
[Site "Regionalliga 2015/2016"]
[Date "2016.04.09"]
[Round "8.8"]
[White "Emunds, Hans Georg"]
[Black "Baer, Klaus"]
[Result "1-0"]
[WhiteElo "2155"]
[BlackElo "1616"]
[PlyCount "59"]
[EventDate "2016.??.??"]
[SourceDate "2015.09.11"]

1. e4 c5 2. Nf3 d6 3. d4 cxd4 4. Nxd4 Nf6 5. Nc3 g6 6. Be3 Bg7 7. f3 O-O 8. Qd2
Nc6 9. Bc4 Bd7 10. h4 h5 11. O-O-O Ne5 12. Bb3 Rc8 13. Kb1 a6 14. Bg5 b5 15. g4
hxg4 16. Bxf6 Bxf6 17. f4 Nc4 18. Bxc4 Rxc4 19. Nde2 Bxc3 20. Nxc3 b4 21. Qd3
Rc5 22. Nd5 Bb5 23. Qd2 a5 24. h5 e6 25. hxg6 fxg6 26. Qh2 Kf7 27. Qh7+ Ke8 28.
Qxg6+ Kd7 29. Rh7+ Kc6 30. Rc7+ 1-0

[Event "SC Steinfurt 1 - SF Telgte 1"]
[Site "Regionalliga 2015/2016"]
[Date "2016.04.09"]
[Round "8.1"]
[White "Hackl-Sommer, René"]
[Black "Haselhorst, Helmut"]
[Result "0-1"]
[WhiteElo "2009"]
[BlackElo "2025"]
[PlyCount "162"]
[EventDate "2016.??.??"]
[SourceDate "2015.09.11"]

1. e4 c6 2. d4 d5 3. Nc3 dxe4 4. Nxe4 Bf5 5. Ng3 Bg6 6. Nf3 Nd7 7. Bd3 Ngf6 8.
O-O e6 9. Re1 Be7 10. b3 Bxd3 11. Qxd3 O-O 12. Bb2 Re8 13. c4 Qc7 14. Ne5 Rad8
15. Qf3 c5 16. Ne4 h6 17. Nxc5 Nxc5 18. dxc5 Bxc5 19. Ng4 Nxg4 20. Qxg4 f5 21.
Qg6 Qf7 22. Qxf7+ Kxf7 23. Red1 e5 24. Kf1 e4 25. Ke2 g5 26. Bc3 a6 27. a3 Ke6
28. Bb4 Bd4 29. Rac1 f4 30. Bc3 Ba7 31. f3 exf3+ 32. Kxf3 Kf5 33. g4+ fxg3 34.
Rxd8 Rxd8 35. Kxg3 Rd3+ 36. Kg2 g4 37. b4 h5 38. Be1 Rxa3 39. Rc2 Be3 40. c5
Ke4 41. Rc4+ Kd3 42. c6 bxc6 43. Rxc6 Ra1 44. Kf1 Bf4 45. Rc3+ Kd4 46. Rc2 Rb1
47. Ke2 Bxh2 48. Ra2 g3 49. Bxg3 Bxg3 50. Kf3 h4 51. Rxa6 Rxb4 52. Rh6 Rb2 53.
Rh7 Rf2+ 54. Kg4 Ke3 55. Re7+ Kd2 56. Re4 Re2 57. Ra4 Ke1 58. Ra7 Kf2 59. Kh3
Kf3 60. Ra3+ Kf4 61. Rf3+ Kg5 62. Rf5+ Kg6 63. Rg5+ Kf6 64. Rf5+ Ke6 65. Rh5
Rh2+ 66. Kg4 Be1 67. Rh8 Kf6 68. Rf8+ Kg7 69. Re8 Bc3 70. Re3 Bf6 71. Rb3 Kg6
72. Rb5 Rg2+ 73. Kh3 Rg3+ 74. Kh2 Bg5 75. Rb4 Kf5 76. Rb7 Kg4 77. Rg7 Ra3 78.
Rb7 Ra2+ 79. Kh1 Ra1+ 80. Kh2 Bf4+ 81. Kg2 h3+ 0-1

[Event "SC Steinfurt 1 - SF Telgte 1"]
[Site "Regionalliga 2015/2016"]
[Date "2016.04.09"]
[Round "8.2"]
[White "Freitag, Julia"]
[Black "Lodde, Martin"]
[Result "1-0"]
[WhiteElo "2066"]
[BlackElo "1973"]
[PlyCount "73"]
[EventDate "2016.??.??"]
[SourceDate "2015.09.11"]

1. d4 Nf6 2. e3 b6 3. f4 Bb7 4. Nf3 e6 5. c3 c5 6. Bd3 Be4 7. Bxe4 Nxe4 8. Nbd2
Nxd2 9. Bxd2 Be7 10. e4 O-O 11. O-O d6 12. Qe2 Nd7 13. a4 Qc7 14. Ng5 h6 15.
Nh3 cxd4 16. cxd4 Qb7 17. g4 Nf6 18. Rae1 d5 19. e5 Ne4 20. Nf2 Nxd2 21. Qxd2
Bh4 22. Re3 Rac8 23. Rh3 Qe7 24. Nd1 g5 25. f5 f6 26. Ne3 fxe5 27. dxe5 exf5
28. Qxd5+ Kh7 29. Nxf5 Qc5+ 30. Qxc5 Rxc5 31. Re3 Rc2 32. e6 Rd8 33. e7 Rdd2
34. Nxh4 gxh4 35. Rf7+ Kg6 36. e8=Q Rg2+ 37. Kf1 1-0

[Event "SC Steinfurt 1 - SF Telgte 1"]
[Site "Regionalliga 2015/2016"]
[Date "2016.04.09"]
[Round "8.3"]
[White "Junker, Axel"]
[Black "Engels, Natia"]
[Result "0-1"]
[WhiteElo "1871"]
[BlackElo "2013"]
[PlyCount "90"]
[EventDate "2016.??.??"]
[SourceDate "2015.09.11"]

1. c4 e5 2. Nc3 Nf6 3. Nf3 Nc6 4. g3 d5 5. cxd5 Nxd5 6. d3 Be7 7. Bg2 Be6 8.
Bd2 Nb6 9. a3 O-O 10. b4 a6 11. Rc1 f5 12. Qc2 Kh8 13. O-O g5 14. e3 Bf6 15.
Rfd1 Qe7 16. Ne2 Qf7 17. Rb1 Qh5 18. Bc3 Nd5 19. Ba1 Bg7 20. d4 e4 21. Ne5 Nce7
22. g4 fxg4 23. Ng3 Qh4 24. Bxe4 Rf6 25. Rbc1 Raf8 26. Rd2 c6 27. Re1 Nf4 28.
Bg2 Rh6 29. Nf1 Nxg2 30. Kxg2 Qh3+ 31. Kg1 Nf5 32. e4 Nh4 33. f4 gxf4 34. d5
cxd5 35. exd5 Bf5 36. Qc3 Nf3+ 37. Kh1 Bxe5 38. Qc1 Bxa1 39. Qxa1+ Kg8 40. Re7
Rg6 41. Rde2 g3 42. Rg2 Nh4 43. Qa2 Qxg2+ 44. Qxg2 Nxg2 45. Kxg2 Bh3+ 0-1

[Event "SC Steinfurt 1 - SF Telgte 1"]
[Site "Regionalliga 2015/2016"]
[Date "2016.04.09"]
[Round "8.4"]
[White "Grälken, Matthias"]
[Black "Kuhlenbäumer, Willi"]
[Result "1/2-1/2"]
[WhiteElo "2018"]
[BlackElo "1947"]
[PlyCount "93"]
[EventDate "2016.??.??"]
[SourceDate "2015.09.11"]

1. d4 Nf6 2. Nf3 g6 3. c4 Bg7 4. Nc3 O-O 5. e4 d6 6. Be2 e5 7. O-O Nc6 8. d5
Ne7 9. Ne1 Ne8 10. Nd3 f5 11. Bd2 Rf7 12. b4 Nf6 13. f3 h5 14. c5 f4 15. Nf2 g5
16. h3 Bf8 17. Rc1 Rg7 18. cxd6 cxd6 19. Nb5 Ng6 20. Qc2 Ne8 21. a4 Nh4 22. Be1
Qf6 23. a5 a6 24. Na3 Qg6 25. b5 Nf6 26. bxa6 bxa6 27. Qd1 Rb8 28. Nc4 g4 29.
fxg4 hxg4 30. Nxg4 Bxg4 31. Bxg4 Qh6 32. Be6+ Kh8 33. Bxh4 Qxh4 34. Qe1 Qh6 35.
Nb6 Rbb7 36. Rc8 Rg3 37. Rf3 Rg5 38. Rfc3 Nh7 39. Qf1 Rbg7 40. Rc2 Rg3 41. Nd7
f3 42. Nxf8 Qe3+ 43. Kh2 Rxg2+ 44. Rxg2 Qf4+ 45. Kg1 Qe3+ 46. Kh2 Rxg2+ 47. Kh1
1/2-1/2

[Event "SC Steinfurt 1 - SF Telgte 1"]
[Site "Regionalliga 2015/2016"]
[Date "2016.04.09"]
[Round "8.5"]
[White "Kuhlenbäumer, Alfred"]
[Black "Wild, Helmut"]
[Result "1/2-1/2"]
[WhiteElo "1854"]
[BlackElo "1932"]
[PlyCount "50"]
[EventDate "2016.??.??"]
[SourceDate "2015.09.11"]

1. e4 c6 2. d4 d5 3. Nc3 dxe4 4. Nxe4 Bf5 5. Ng3 Bg6 6. h4 h6 7. Nf3 Nd7 8. Bd3
Bxd3 9. Qxd3 Ngf6 10. Bd2 Qc7 11. O-O-O e6 12. Kb1 O-O-O 13. c4 c5 14. Qe2 Bd6
15. Nf1 Rhe8 16. Ne3 Kb8 17. Nc2 a6 18. Rhe1 Bf4 19. Bc3 Ka8 20. g3 Bd6 21. b3
cxd4 22. Bxd4 e5 23. Bb2 e4 24. Nfd4 Nc5 25. Nf5 Bf8 1/2-1/2

[Event "SC Steinfurt 1 - SF Telgte 1"]
[Site "Regionalliga 2015/2016"]
[Date "2016.04.09"]
[Round "8.6"]
[White "Janning, Rainer"]
[Black "Dieckmann, Werner"]
[Result "1-0"]
[WhiteElo "1849"]
[BlackElo "1744"]
[PlyCount "65"]
[EventDate "2016.??.??"]
[SourceDate "2015.09.11"]

1. f4 d5 2. Nf3 Nf6 3. e3 Bg4 4. h3 Bxf3 5. Qxf3 e6 6. g4 Ne4 7. h4 Be7 8. g5
c6 9. d3 Nd6 10. Nc3 Qb6 11. Bh3 Nd7 12. b3 Nb5 13. Nxb5 cxb5 14. Bd2 Qc6 15.
c3 g6 16. d4 h5 17. Bf1 a6 18. Bd3 Nb6 19. O-O O-O 20. Qe2 Rfe8 21. Rf2 Nc8 22.
e4 dxe4 23. Bxe4 Qc7 24. Bxg6 fxg6 25. Qxe6+ Kg7 26. f5 gxf5 27. Qh6+ Kg8 28.
Qg6+ Kh8 29. Qxe8+ Kg7 30. Qxh5 Qg3+ 31. Rg2 Qd6 32. g6 Qf6 33. Qh7+ 1-0

[Event "SC Steinfurt 1 - SF Telgte 1"]
[Site "Regionalliga 2015/2016"]
[Date "2016.04.09"]
[Round "8.7"]
[White "Hirnstein, Markus"]
[Black "Schlitter, Klaus"]
[Result "1/2-1/2"]
[WhiteElo "1881"]
[BlackElo "1877"]
[PlyCount "39"]
[EventDate "2016.??.??"]
[SourceDate "2015.09.11"]

1. c4 b6 2. Nc3 e6 3. e4 Bb7 4. g3 Nf6 5. Bg2 c5 6. Nge2 Be7 7. O-O O-O 8. d4
cxd4 9. Nxd4 d6 10. b3 Qd7 11. Ba3 Na6 12. Qe2 Nc5 13. Rfd1 Rfd8 14. Rd2 a6 15.
Rad1 Qc7 16. Nc2 Rac8 17. Bb2 Qb8 18. Nd4 Qa8 19. f3 Qb8 20. Qf2 1/2-1/2

[Event "SC Steinfurt 1 - SF Telgte 1"]
[Site "Regionalliga 2015/2016"]
[Date "2016.04.09"]
[Round "8.8"]
[White "Raue, Thorsten"]
[Black "Köpplinger, Günter"]
[Result "1/2-1/2"]
[WhiteElo "1786"]
[BlackElo "1605"]
[PlyCount "64"]
[EventDate "2016.??.??"]
[SourceDate "2015.09.11"]

1. b4 c6 2. e3 Nf6 3. Bb2 Qb6 4. a3 a5 5. c4 axb4 6. c5 Qc7 7. axb4 Rxa1 8.
Bxa1 d6 9. d4 Bf5 10. Nf3 Nbd7 11. Bd3 Bxd3 12. Qxd3 g6 13. O-O Bg7 14. Nbd2
O-O 15. e4 Ra8 16. Nb3 d5 17. e5 Ne8 18. e6 fxe6 19. Re1 Nf8 20. Ng5 Qd7 21.
Qe2 Nc7 22. Na5 Rb8 23. Qf3 Qe8 24. Qf4 e5 25. dxe5 Nce6 26. Nxe6 Nxe6 27. Qg4
Qf7 28. Re3 h5 29. Qg3 Qf5 30. Re1 g5 31. Qa3 Rf8 32. Qe3 Nd8 1/2-1/2

[Event "SG Turm Raesfeld/Erle 1 - Südlohner SV"]
[Site "Regionalliga 2015/2016"]
[Date "2016.04.09"]
[Round "8.1"]
[White "Funke, Reinhard"]
[Black "Greifenberg, Daniel"]
[Result "1/2-1/2"]
[WhiteElo "2051"]
[BlackElo "2004"]
[PlyCount "166"]
[EventDate "2016.??.??"]
[SourceDate "2015.09.11"]

1. d4 d5 2. c4 e6 3. Nc3 Nf6 4. Nf3 c5 5. cxd5 exd5 6. g3 Nc6 7. Bg2 Be7 8. O-O
O-O 9. Bg5 c4 10. Ne5 Be6 11. b3 cxb3 12. Nxc6 bxc6 13. Qxb3 Rb8 14. Qc2 h6 15.
Bxf6 Bxf6 16. Rfd1 Rb4 17. e3 Qa5 18. Rab1 Rfb8 19. Rb3 Rxb3 20. axb3 Qa3 21.
Rb1 g6 22. Qd1 Qb4 23. Na4 Bf5 24. Rb2 Qa3 25. g4 Be6 26. Bf3 c5 27. Rb1 cxd4
28. exd4 Rb4 29. Qc2 Rxd4 30. h3 Qd6 31. Nc5 Kh7 32. Nd3 h5 33. Qe2 hxg4 34.
hxg4 Qa6 35. Rd1 Qc8 36. Rc1 Qb8 37. Kg2 Kg7 38. Rc6 Qb5 39. Rc7 Qb6 40. Rc2
Qxb3 41. Nc5 Qb6 42. g5 Bxg5 43. Qe5+ Bf6 44. Nxe6+ Qxe6 45. Qxe6 fxe6 46. Rc7+
Kf8 47. Rxa7 Be7 48. Be2 Kf7 49. Ra6 Kf6 50. Bb5 Re4 51. Kg3 Bb4 52. Kf3 Be1
53. Bd3 Re5 54. Ra7 g5 55. Ra2 Bc3 56. Ra3 Bd2 57. Ra2 Bc1 58. Ra6 Re1 59. Bh7
Bb2 60. Bg8 Bd4 61. Rc6 g4+ 62. Kg3 Kf5 63. Bh7+ Kg5 64. Bd3 Rg1+ 65. Kh2 Rd1
66. Be2 Be5+ 67. Kg2 Re1 68. Ba6 Bf4 69. Rc8 Ra1 70. Rg8+ Kf5 71. Bd3+ Ke5 72.
Rxg4 Kd4 73. Bh7 e5 74. Rg8 Kc3 75. Rc8+ Kd2 76. Rc2+ Ke1 77. Bf5 Ra7 78. Rb2
Rc7 79. Ra2 Rc3 80. Bg4 d4 81. Re2+ Kd1 82. Rxe5+ Kc2 83. Re4 Bc7 1/2-1/2

[Event "SG Turm Raesfeld/Erle 1 - Südlohner SV"]
[Site "Regionalliga 2015/2016"]
[Date "2016.04.09"]
[Round "8.2"]
[White "Gesing, Felix"]
[Black "Kolakovic, Klaudio"]
[Result "0-1"]
[WhiteElo "1964"]
[BlackElo "1991"]
[PlyCount "94"]
[EventDate "2016.??.??"]
[SourceDate "2015.09.11"]

1. d4 g6 2. Nf3 Bg7 3. e3 d5 4. c4 c6 5. Nc3 Nf6 6. Bd3 O-O 7. O-O Bg4 8. h3
Bxf3 9. Qxf3 dxc4 10. Bxc4 Nbd7 11. Rd1 Qc7 12. e4 Ne8 13. Be3 Rd8 14. Rac1 Nd6
15. Bb3 Qb8 16. e5 Nf5 17. Bf4 e6 18. g4 Ne7 19. Bg5 Rde8 20. Ne4 Nd5 21. Bxd5
exd5 22. Nf6+ Bxf6 23. Bxf6 Nxf6 24. Qxf6 Re6 25. Qh4 f6 26. f4 g5 27. fxg5
fxe5 28. Rf1 exd4 29. Rxf8+ Qxf8 30. Rf1 Qe7 31. Qf2 Re3 32. h4 c5 33. Qf5 Re5
34. Qd3 Re2 35. Rf2 Re1+ 36. Rf1 Qe3+ 37. Qxe3 Rxf1+ 38. Kxf1 dxe3 39. a4 b6
40. Ke2 d4 41. b3 a6 42. Kd3 b5 43. axb5 axb5 44. h5 c4+ 45. bxc4 bxc4+ 46. Ke2
c3 47. Kd3 Kh8 0-1